| 000 | 01136nam a2200265 4500 | ||
|---|---|---|---|
| 001 | 0000013959 | ||
| 003 | CO-CtgCURN | ||
| 005 | 20250828213537.0 | ||
| 008 | 160627s1993 000 0 eng d | ||
| 040 |
_aCO-CtgCURN _bspa _ccoctgcurn |
||
| 082 | 0 |
_a346.0482 _bC65d1 |
|
| 100 | 1 | _aCastelblanco de Castro, Beatriz. | |
| 245 | 1 | 4 |
_aLos derechos de autor : _bLey 23 de 1982, Ley 44 de 1993 y normas complementarias / _cBeatriz Castelblanco de Castro. |
| 250 | _a6a ed. | ||
| 260 |
_aBogotá : _bPublicitaria, _c1993. |
||
| 300 | _a119 p. | ||
| 336 | _2rdacontent | ||
| 337 |
_2rdamedia _asin mediacion _bn |
||
| 338 |
_2rdacarrier _avolumen _bnc |
||
| 505 | 8 | _aLey 23 de 1982.--Ley 22 de1982.--Decreto numero 3116 de 1984.--Decreto numero 2465 de 1986.--Decreto numero 624 de 1989.--Decreto numero 1360 de 1989.--Decreto numero 0772 de 1990.--Decreto numero 1983 de 1991.--Decreto numero 2041 de 1991.--Ley 23 de 1992.--Ley 26 de 1992.--Ley 44 de 1993 | |
| 650 | 0 | _aLey 23 de 1982. | |
| 908 | _a160627 | ||
| 942 |
_cBK _h346.0482 _iC65d1 _2ddc |
||
| 999 |
_c50005 _d50005 _x1 |
||